Asia Pacific Office Market Overview (Record no. 119161)

MARC details
000 -LEADER
fixed length control field 01093cas a22002415a 4500
001 - CONTROL NUMBER
control field L142351
008 - FIXED-LENGTH DATA ELEMENTS--GENERAL INFORMATION
fixed length control field 111114c2011 xxkur w ss 0 a0eng d
035 ## - SYSTEM CONTROL NUMBER
System control number (Sirsi) u142351
041 0# - LANGUAGE CODE
Language code of text/sound track or separate title eng
050 ## - LIBRARY OF CONGRESS CALL NUMBER
Classification number 333.337 $2 18
110 2# - MAIN ENTRY--CORPORATE NAME
Corporate name or jurisdiction name as entry element Colliers International
9 (RLIN) 5548
245 00 - TITLE STATEMENT
Title Asia Pacific Office Market Overview
Medium [electronic resource]
260 ## - PUBLICATION, DISTRIBUTION, ETC.
Place of publication, distribution, etc. [S.l.]
Name of publisher, distributor, etc. Colliers
Date of publication, distribution, etc. 2011-
362 0# - DATES OF PUBLICATION AND/OR SEQUENTIAL DESIGNATION
Dates of publication and/or sequential designation Q1 2011-
490 #0 - SERIES STATEMENT
Series statement Colliers International Asia Pacific Office Market Overview
Volume/sequential designation Q1 2011-
520 ## - SUMMARY, ETC.
Summary, etc. Provides an overview of office markets in the Asia Pacific region. Covers major cities in greater China, north Asia, southeast Asia, India, and Australasia. Includes also data on prime office rentals, trends and forecasts.
554 ## -
-- Quarterly
650 24 - SUBJECT ADDED ENTRY--TOPICAL TERM
Topical term or geographic name entry element COLLIERS INTERNATIONAL ASIA PACIFIC OFFICE MARKET OVERVIEW
651 #4 - SUBJECT ADDED ENTRY--GEOGRAPHIC NAME
Geographic name Asia Pacific
690 ## - LOCAL SUBJECT ADDED ENTRY--TOPICAL TERM (OCLC, RLIN)
Topical term or geographic name as entry element PROPERTY-COMMERCIAL PROPERTY-COMMERCIAL PROPERTY MARKET
856 40 - ELECTRONIC LOCATION AND ACCESS
Uniform Resource Identifier <a href="https://www.colliersinternational.com/Markets/HongKong/MarketReports/">https://www.colliersinternational.com/Markets/HongKong/MarketReports/</a>
Public note View the report free of charge at www.colliersinternational.com
942 ## - ADDED ENTRY ELEMENTS (KOHA)
Suppress in OPAC 0
Holdings
Withdrawn status Lost status Source of classification or shelving scheme Damaged status Not for loan Home library Current library Shelving location Date acquired Total Checkouts Full call number Barcode Date last seen Price effective from Koha item type
    Dewey Decimal Classification     Virtual Virtual Online 07/02/2008   ONLINE PUBLICATION 142351-2001 06/08/2019 06/08/2019 Journal